Online katalóg knižníc regiónu Turca

Vidiecke sídlo (Record no. 20543)

MARC details
000 -LEADER
fixed length control field 01008nam a22003011i 4500
001 - CONTROL NUMBER
control field 20543
003 - CONTROL NUMBER IDENTIFIER
control field VRT
005 - DATE AND TIME OF LATEST TRANSACTION
control field 20260126111850.0
008 - FIXED-LENGTH DATA ELEMENTS--GENERAL INFORMATION
fixed length control field 090726s1975 xo r 000 1fslo d
035 ## - SYSTEM CONTROL NUMBER
System control number (SVKBBclas03)vtls000251236
039 #9 - LEVEL OF BIBLIOGRAPHIC CONTROL AND CODING DETAIL [OBSOLETE]
Level of rules in bibliographic description 201602151057
Level of effort used to assign nonsubject heading access points AUTHORITY
040 ## - CATALOGING SOURCE
Original cataloging agency SVKBB
Language of cataloging slo
Transcribing agency SVKBB
Description conventions AACR2
041 1# - LANGUAGE CODE
Language code of text/sound track or separate title slo
Language code of original eng
080 ## - UNIVERSAL DECIMAL CLASSIFICATION NUMBER
Universal Decimal Classification number 820-31=854
100 1# - MAIN ENTRY--PERSONAL NAME
Personal name Galsworthy, John,
Dates associated with a name 1867-1933
245 10 - TITLE STATEMENT
Title Vidiecke sídlo
Remainder of title na forsytovskej burze
Statement of responsibility, etc. John Galsworthy ; z angl. orig. prel. Katarína Jusková, Verona Chorváthová
246 31 - VARYING FORM OF TITLE
Title proper/short title Na forsytovskej burze
250 ## - EDITION STATEMENT
Edition statement 1. vyd.
260 ## - PUBLICATION, DISTRIBUTION, ETC.
Place of publication, distribution, etc. Bratislava
Name of publisher, distributor, etc. Slovenský spisovateľ
Date of publication, distribution, etc. 1975
300 ## - PHYSICAL DESCRIPTION
Extent 434 s.
440 #0 - SERIES STATEMENT/ADDED ENTRY--TITLE
Title Knižnica nobelových cien
655 #7 - INDEX TERM--GENRE/FORM
Genre/form data or focus term anglické romány
Source of term hŠVKBB
700 1# - ADDED ENTRY--PERSONAL NAME
Personal name Jusková, Katarína,
Dates associated with a name 1947-
Relationship trl
700 1# - ADDED ENTRY--PERSONAL NAME
Personal name Chorváthová, Verona
Relationship trl
942 ## - ADDED ENTRY ELEMENTS (KOHA)
Source of classification or shelving scheme Dewey Decimal Classification
Koha item type Krásna literatúra pre dospelých
Suppress in OPAC No
949 ## - LOCAL PROCESSING INFORMATION (OCLC)
6 270001000483455
a svkbbA 2863-a
b svkbbm 304309
949 ## - LOCAL PROCESSING INFORMATION (OCLC)
6 270001000483452
a svkbbA 2863
b svkbbm 303853
p 304309*D
Holdings
Stav vyradenia Strata Poškodenie Spôsob nadobudnutia Domovská knižnica Aktuálna knižnica Dátum nadobudnutia Total checkouts Čiarový kód exemplára Date last seen Typ exemplára
      Dar Obecná knižnica Horná Štubňa Obecná knižnica Horná Štubňa 26.01.2026   4736200575 26.01.2026 Krásna literatúra pre dospelých
Projekt je podporený Slovenskou asociáciou knižníc
Prevádzkuje Turčianska knižnica Martin 2026